Design and Fabrication of Active SEMG Sensor for Prosthesis Control / (Record no. 529531)

000 -LEADER
fixed length control field 00511nam a22001577a 4500
020 ## - INTERNATIONAL STANDARD BOOK NUMBER
Qualifying information Hard Cover.
082 ## - DEWEY DECIMAL CLASSIFICATION NUMBER
Classification number 621
100 ## - MAIN ENTRY--PERSONAL NAME
Personal name Ahmad, Afzaal
245 ## - TITLE STATEMENT
Title Design and Fabrication of Active SEMG Sensor for Prosthesis Control /
Statement of responsibility, etc. Afzaal Ahmed.
260 ## - PUBLICATION, DISTRIBUTION, ETC.
Place of publication, distribution, etc. Islamabad:
Name of publisher, distributor, etc. CEME - NUST,
Date of publication, distribution, etc. 2015.
300 ## - PHYSICAL DESCRIPTION
Extent 70 p.: ill.;
Dimensions 30cm.
942 ## - ADDED ENTRY ELEMENTS (KOHA)
Source of classification or shelving scheme
Koha item type Thesis
650 ## - SUBJECT ADDED ENTRY--TOPICAL TERM
Topical term or geographic name entry element Mechatronics Engineering MS-Thesis.
700 ## - ADDED ENTRY--PERSONAL NAME
Personal name Dr. Mohsin Islam Tiwana
650 ## - SUBJECT ADDED ENTRY--TOPICAL TERM
-- 16096
700 ## - ADDED ENTRY--PERSONAL NAME
-- 17344
Holdings
Withdrawn status Lost status Source of classification or shelving scheme Damaged status Not for loan Permanent Location Current Location Shelving location Date acquired Total Checkouts Full call number Barcode Date last seen Price effective from Koha item type
          Central Library (CL) Central Library (CL) Thesis 09/27/2019   621 CL-T-6 09/27/2019 09/27/2019 Thesis
© 2023 Central Library, National University of Sciences and Technology. All Rights Reserved.